Normal view MARC view
  • Great Britain

Entry Corporate Name

Number of records used in: 1

001 - CONTROL NUMBER

  • control field: 6057

003 - CONTROL NUMBER IDENTIFIER

  • control field: OSt

005 - DATE AND TIME OF LATEST TRANSACTION

  • control field: 20190806150249.0

008 - FIXED-LENGTH DATA ELEMENTS

  • fixed length control field: 120430n| acannaabn |n ana d

040 ## - CATALOGING SOURCE

  • Original cataloging agency: OSt
  • Transcribing agency: OSt

110 2# - HEADING--CORPORATE NAME

  • Corporate name or jurisdiction name as entry element: Great Britain
  • Subordinate unit: General Register Office

670 ## - SOURCE DATA FOUND

  • Source citation: English life table, 1864
  • Information found: t.p. (with an introduction by William Farr ; published by authority of the Registrar-General of Births, Deaths and Marriages)